书目信息 |
| 题名: |
人口变迁与当代美国社会
|
|
| 作者: | 陈奕平 著 | |
| 分册: | ||
| 出版信息: | 北京 世界知识出版社 2006 |
|
| 页数: | 325页 | |
| 开本: | 21cm | |
| 丛书名: | ||
| 单 册: | ||
| 中图分类: | C924.712.4 , D771.28 | |
| 科图分类: | ||
| 主题词: | 人口--变迁--影响--社会生活--研究--美国 , 人口 , 变迁 , 社会生活 | |
| 电子资源: | ||
| ISBN: | 7-5012-2898-1 | |
| 000 | 00905nam0 2200277 450 | |
| 001 | 1257486765 | |
| 005 | 20121004155841.15 | |
| 010 | @a7-5012-2898-1@dCNY22.00 | |
| 100 | @a20060529d2006 em y0chiy50 ea | |
| 101 | 0 | @achi |
| 102 | @aCN@b110000 | |
| 105 | @ay z 000yy | |
| 200 | 1 | @a人口变迁与当代美国社会@Aren kou bian qian yu dang dai mei guo she hui@f陈奕平著 |
| 210 | @a北京@c世界知识出版社@d2006 | |
| 215 | @a325页@d21cm | |
| 300 | @a本书由暨南大学211工程资助出版 | |
| 330 | @a本书共分八章,主要研究现当代美国人口变迁,涉及人口演变趋势、少数族裔人口、人口流动、人口与经济和政治、婚姻与家庭等问题。 | |
| 606 | 0 | @a人口@x变迁@x影响@x社会生活@x研究@y美国 |
| 606 | 0 | @a人口 |
| 606 | 0 | @a变迁 |
| 606 | 0 | @a社会生活 |
| 690 | @aC924.712.4@v4 | |
| 690 | @aD771.28@v4 | |
| 701 | 0 | @a陈奕平@Achen yi ping@f(1966.5~)@4著 |
| 801 | 0 | @aCN@bNLC@c20101222 |
| 905 | @a10447@dC924.712.4@eJY221 | |
| 人口变迁与当代美国社会/陈奕平著.-北京:世界知识出版社,2006 |
| 325页;21cm |
| 本书由暨南大学211工程资助出版 |
| ISBN 7-5012-2898-1:CNY22.00 |
| 本书共分八章,主要研究现当代美国人口变迁,涉及人口演变趋势、少数族裔人口、人口流动、人口与经济和政治、婚姻与家庭等问题。 |
| ● |
| 相关链接 |
|
|
|
|
正题名:人口变迁与当代美国社会
索取号:C924.712.4/JY221
 
预约/预借
| 序号 | 登录号 | 条形码 | 馆藏地/架位号 | 状态 | 备注 |
| 1 | 7810715 | 278107157 | 学院路分馆/ [索取号:C924.712.4/JY221] | 在馆 | |
| 2 | 7810716 | 278107166 | 学院路分馆/ [索取号:C924.712.4/JY221] | 在馆 |